000 00820nam a2200301Ia 4500
001 17590
003 IT-RoPAU
008 130308s9999 xx 000 0 und d
040 _aIT-RoPAU
040 _cIT-RoPAU
041 _aINGLESE
100 _aGuitar Mary Ann
100 _gCodice Aut. SPICS: 5679
245 _aTv Violence-The Kids React
245 _bViolence And The Mass Media
250 _a1a ed.
260 _aNEW YORK
260 _bHarper & Row
260 _c1968 [1° Ed.:1968 - Ed.Ling.Originale:1964]
300 _a"4 p. (prefazione: no ; testo: 4 [pagine: 47-50])"
500 _aReazione dei Bambini Alla violenza Televisiva
650 _aPSICOLOGIA DELLA COMUNICAZIONE SOCIALE
650 _eCodice materia Spics: 3805
942 _cBK
957 _71
999 _c44164
_d44164
999 _bSI
999 _g1